Hurry Up and Name One Quiz Stats

 Plays Quiz not verified by Sporcle

Challenge
Share
Tweet
Embed
Score 0/24 Timer 02:00
0 Plays Today
Letter Answer % Correct
AAfghanistan...
96.6%
CJimmy Carter...
93.8%
BBarium...
92.2%
FFibula...
91.5%
YYellow
85.4%
JJohn...
85.2%
DDenver...
80.2%
ZZebra
79.9%
LLondon...
69.7%
GGrand Hotel...
56.7%
VVaduz...
55.4%
UU2...
46.2%
Letter Answer % Correct
SSquirtle...
35.4%
MMaggie Mae...
30.4%
TThriller...
29.8%
KAl Kaline...
29.3%
EThe Eagles...
23.1%
WWatford...
21.9%
RRazzmatazz...
20.2%
HHercules...
17.8%
OLaurence Olivier...
11.1%
PHenry Pelham...
11.1%
IIbizan hound...
10.8%
NNorthern Exposure...
5.5%

You're not logged in!

Compare scores with friends on all Sporcle quizzes.
OR
Log In

You Might Also Like...

Show Comments

Extras

Created Jun 24, 2010ReportNominate
Tags:Letter Quiz, category

Top Quizzes Today


Score Distribution

Your Account Isn't Verified!

In order to create a playlist on Sporcle, you need to verify the email address you used during registration. Go to your Sporcle Settings to finish the process.

Report this User

Report this user for behavior that violates our Community Guidelines.

Details: